000 01434nam a2200349 a 4500
001 0000328
003 DO-SdBNP
005 20180315103150.0
007 0000328
008 150817s2005 000 spa d
020 _a9993472808
040 _aBPMSU
_bspa
_cBPMSU
092 _a372.61
_bL566, 4to. 2005
245 0 0 _aLengua 4 /
_b[educación básica]
_cMaría C. Rodríguez Jordana...[et.al] ; ilustraciones A. Clariana R. Cúlla.
260 _aSanto Domingo :
_bVicens Vives
_c2005.
300 _a159p.
_bil. retrs.
_c27 cm.
490 1 _aDelfín
505 1 _tLa máquina de maullar --
_tEl tamarindo y el almendro --
_t¿Quién ayuda en casa? --
_tEl enano-gigante --
_tPara cuidar el arrozal de Mingo nació el espantapájaros un domingo --
_tEl asno y el lobo --
_tBombilla salva un avión --
_tEl marinerito --
_tUn hallazgo sorprendente --
_tEn la biblioteca --
_tMi diario --
_tCoralina --
650 _aGRAMÁTICA
_xENSEÑANZA BÁSICA
650 _aGRAMÁTICA
_xEDUCACIÓN PRIMARIA
650 _aEDUCACIÓN PRIMARIA
_zREPÚBLICA DOMINICANA
650 _aGRAMÁTICA
_xLIBROS DE TEXTO
650 _aGRAMÁTICA
_xESTUDIOS Y EJERCICIOS
700 1 _aFernández Buñuel, A.
700 1 _aRodríguez Jordana, María C.
700 1 _aR. Cúlla, A. Clariana
_eil.
830 0 _pDelfín
910 _a00144
942 _2ddc
_cBK
945 _aRemanejado para la BNPHU / 2018 VM
956 _aYngrid Lockward
_b10
999 _c9907
_d9907